[Event "SVK-chT3A2 0809"]
[Site "Slovakia"]
[Date "2009.03.22"]
[Round "10.6"]
[White "Hrubsa, Marian"]
[Black "Kubica, Adrian"]
[Result "1-0"]
[WhiteElo "1909"]
[BlackElo "1927"]
[PlyCount "31"]
[EventDate "2008.10.19"]
[EventType "team-tourn"]
[EventRounds "11"]
[EventCountry "SVK"]
[SourceTitle "EXT 2010"]
[Source "ChessBase"]
[SourceDate "2010.11.25"]
[SourceVersion "1"]
[SourceVersionDate "2010.11.25"]
[SourceQuality "1"]
[WhiteTeam "Skalica"]
[BlackTeam "Gabcikovo"]
[WhiteTeamCountry "SVK"]
[BlackTeamCountry "SVK"]

1. e4 e5 2. Nf3 Nf6 3. Nxe5 d6 4. Nf3 Nxe4 5. d4 d5 6. Bd3 Bd6 7. 0-0 0-0 8. c4 c6 9. Nc3 f5 10. cxd5 cxd5 11. Qb3 Nxc3 12. bxc3 b6 13. Qxd5+ Rf7 14. Ne5 Qe7 15. Nxf7 Qxf7 16. Qxd6 1-0

[Event "SVK-chT3A2 0809"]
[Site "Slovakia"]
[Date "2009.03.01"]
[Round "8.4"]
[White "Bahna, Jan"]
[Black "Kubica, Adrian"]
[Result "1/2-1/2"]
[WhiteElo "1935"]
[BlackElo "1927"]
[PlyCount "61"]
[EventDate "2008.10.19"]
[EventType "team-tourn"]
[EventRounds "11"]
[EventCountry "SVK"]
[SourceTitle "EXT 2010"]
[Source "ChessBase"]
[SourceDate "2010.11.25"]
[SourceVersion "1"]
[SourceVersionDate "2010.11.25"]
[SourceQuality "1"]
[WhiteTeam "Trnava Lokomotiva III"]
[BlackTeam "Gabcikovo"]
[WhiteTeamCountry "SVK"]
[BlackTeamCountry "SVK"]

1. e4 e5 2. Nf3 Nf6 3. Nc3 d6 4. d4 Nbd7 5. Bc4 Be7 6. 0-0 0-0 7. Re1 Nb6 8. Be2 Bg4 9. dxe5 dxe5 10. Nxe5 Qxd1 11. Bxd1 Bxd1 12. Rxd1 Bb4 13. f3 Bxc3 14. bxc3 Rfe8 15. Nd3 Nc4 16. Rb1 b6 17. Bg5 Nd7 18. Kf2 f6 19. Bf4 c6 20. Nb4 Nde5 21. Bxe5 Nxe5 22. Rd6 c5 23. Na6 Rad8 24. Rbd1 Rxd6 25. Rxd6 Re7 26. Nb8 Rc7 27. h3 Kf7 28. Na6 Rb7 29. Ke2 Nc4 30. Rd5 Ke6 31. Rd8 1/2-1/2

[Event "SVK-chT3A2 0809"]
[Site "Slovakia"]
[Date "2008.11.22"]
[Round "2.5"]
[White "Liptak, Dusan"]
[Black "Kubica, Adrian"]
[Result "1/2-1/2"]
[WhiteElo "1927"]
[BlackElo "1927"]
[PlyCount "45"]
[EventDate "2008.10.19"]
[EventType "team-tourn"]
[EventRounds "11"]
[EventCountry "SVK"]
[SourceTitle "EXT 2010"]
[Source "ChessBase"]
[SourceDate "2010.11.25"]
[SourceVersion "1"]
[SourceVersionDate "2010.11.25"]
[SourceQuality "1"]
[WhiteTeam "Cifer"]
[BlackTeam "Gabcikovo"]
[WhiteTeamCountry "SVK"]
[BlackTeamCountry "SVK"]

1. d4 Nf6 2. c4 g6 3. Nc3 Bg7 4. e4 d6 5. h3 b6 6. Bg5 Bb7 7. Bd3 0-0 8. Nf3 Nbd7 9. 0-0 a6 10. Re1 h6 11. Bf4 Nh5 12. Bh2 e5 13. d5 Nc5 14. Bc2 Bc8 15. Nd2 Nf4 16. Bxf4 exf4 17. Nf3 Re8 18. Nd4 Qg5 19. Kh1 Qh4 20. Nf3 Qxf2 21. Rf1 Qe3 22. Re1 Qf2 23. Rf1 1/2-1/2